Luis Vives y la filosofía del Renacimiento / (Record n. 25507)

Dettagli MARC
000 -LEADER
fixed length control field 00963cam a2200253 i 4500
003 - CONTROL NUMBER IDENTIFIER
control field IT-RoINE
005 - DATE AND TIME OF LATEST TRANSACTION
control field 20180619102649.0
008 - FIXED-LENGTH DATA ELEMENTS--GENERAL INFORMATION
fixed length control field 900725r19811903sp | spa d
020 ## - INTERNATIONAL STANDARD BOOK NUMBER
International Standard Book Number 8472962598
Terms of availability 2000 pts.
040 ## - CATALOGING SOURCE
Original cataloging agency SpMaBN
Transcribing agency A2 IT-RoINE
Modifying agency IT-RoINE
100 1# - MAIN ENTRY--PERSONAL NAME
Personal name Bonilla y San Martín, Adolfo,
Dates associated with a name 1875-1926
9 (RLIN) 27864
245 10 - TITLE STATEMENT
Title Luis Vives y la filosofía del Renacimiento /
Statement of responsibility, etc Adolfo Bonilla y San Martín.
250 ## - EDITION STATEMENT
Edition statement 2ª ed.
260 ## - PUBLICATION, DISTRIBUTION, ETC. (IMPRINT)
Place of publication, distribution, etc Madrid :
Name of publisher, distributor, etc Publicaciones de la Real Academia de Ciencias Morales y Políticas,
Date of publication, distribution, etc 1981.
300 ## - PHYSICAL DESCRIPTION
Extent 814 p. ;
Dimensions 27 cm.
336 ## - CONTENT TYPE
Source rdacontent
Content type term text
337 ## - MEDIA TYPE
Source rdamedia
Media type term unmediated
338 ## - CARRIER TYPE
Source rdacarrier
Carrier type term volume
504 ## - BIBLIOGRAPHY, ETC. NOTE
Bibliography, etc Bibliografía: p. 735-814.
534 ## - ORIGINAL VERSION NOTE
Introductory phrase Reprod. facs. de la ed. de:
Publication, distribution, etc Madrid: Imp. del Asilo de Huérfanos del S.C. de Jesús, 1903
600 14 - SUBJECT ADDED ENTRY--PERSONAL NAME
Personal name Vives, Juan Luis,
Dates associated with a name 1492-1540
9 (RLIN) 1726
General subdivision Crítica e interpretación
650 #4 - SUBJECT ADDED ENTRY--TOPICAL TERM
9 (RLIN) 14825
Topical term or geographic name as entry element Filosofía del Renacimiento
942 ## - ADDED ENTRY ELEMENTS (KOHA)
Item type Monografías
Dati di copia
Withdrawn status Lost status Damaged status Not for loan Home library Current library Date acquired Total Checkouts Full call number Barcode Date last seen Price effective from Koha item type
        Iglesia Nacional Española en Roma Iglesia Nacional Española en Roma 19/06/2018   NOVALÍN 749 NOV-0783 19/06/2018 19/06/2018 Monografías